| 000 | 00805cam a2200229 a 4500 | ||
|---|---|---|---|
| 001 | 000018885 | ||
| 005 | 20200929165857.0 | ||
| 008 | 821129s1989 sp 000 p spa | ||
| 020 | _a843590315X | ||
| 040 |
_aDO-SdBNP _bspa _cBNPHU |
||
| 082 |
_a861.44 _bC514p |
||
| 100 | 1 |
_aCheca Cremades, Jorge. _913673 |
|
| 245 | 1 | 3 |
_aLa poesía en los siglos de oro : _bBarroco / _cJorge Checa Cremades. |
| 250 | _a2a ed. | ||
| 260 |
_aMadrid : _bPlayor, _c1989. |
||
| 300 |
_a139 p. ; _c21 cm. |
||
| 490 | 1 |
_aLectura crítica de la literatura española ; _vno.6 |
|
| 650 | 4 |
_aPoesía española _xCrítica e interpretación _ySIGLO XX _913675 |
|
| 650 | 4 |
_aLiteratura española _xCrítica e interpretación _ySIGLO XX _913676 |
|
| 830 | 0 |
_aLectura crítica de la literatura española ; _nno.6 _940664 |
|
| 049 | _aBNGR | ||
| 999 |
_c18403 _d18403 |
||